000
00299nam a2200121Ia 4500
008
190216s9999||||xx |||||||||||||| ||und||
100
_a
Koduvally Abdul Kadir
245
0
_a
Pantharangada
260
_b
Poomkavanam Books Publishers
_c
1993
300
_a
132p
650
_a
Islamic Culture
942
_c
BK
999
_c
22342
_d
22342